1725 1416 1379 1390 1148 1306 1678 1377 1039 1226 1924 1783 1709 1636 1774 1776 1567 1031 1449 1209 1324 1694 1722 1418 1770 1516 1023 1998 1720 1609 1618 1992 1576 1130 1445 1622 1856 1770 1387 1338 1832 1852 1151 1587 1482 1365 1580 1285 1380 1180 1756 1594 1118 1188 1552 1663 1379 1238 1362 1403 1020 1944 1125 1756 1644 1331 1739 1010 1289 1363 1725 1224 1540 1636 1288 1746 1807 1909 1918 1437 1601 1960 1693 1197 1168 1823 1587 1998 1510 1028 1672 1106 1463 1410 1680 1942 1615 1621 1871 BCNSPRNW ULIB Ver.6.0+V

เปลี่ยนเป็นภาษาไทย

Change to English
 แสดงรายละเอียดบรรณานุกรม
  กลับหน้าหลัก

Brief Record : Get Marc (ISO 2709) : E-mail record : QR code < ปิดหน้าต่าง
LEADER : 00000nam 2200000uu 4500
001    13399111736
003     ULIB
008    110707s||||||||th 000 0 tha d
020    9789742355968
050 04 DS555.42^bศ163ค 2552
100 0  ศรัทธา ลาภวัฒนเจริญ
245 10 คู่มือเที่ยวลาว 3 มิติ ด้วยเงิน 6,000 :^bLaos paradize /^cศรัทธา ลาภวัฒนเจริญ
260    กรุงเทพ ฯ :^bRomantic tripper,^c[ม.ป.ป]
300    128 หน้า :^bภาพประกอบ
650  7 ลาว^xภูมิประเทศและการท่องเที่ยว
653    อาเซียน
945    ^p139^l0^i027645
995    ทศพร
999 ^a ใช้งานได้ทุกระบบ
รายการนี้ยังไม่มีแท็ก
คุณยังไม่ได้ล็อกอิน คุณสามารถมีกิจกรรมร่วมกับเว็บไซต์ได้ แต่ต้องล็อกอินก่อน ::
  ล็อกอิน

รายการสื่อสารสนเทศ

ลำดับที่ ประเภท เลขเรียก/บาร์โค้ด สถานที่ สถานะ
- ไม่พบข้อมูล -

รายการใกล้เคียง
    ผู้แต่ง [ศรัทธา ลาภวัฒนเจริญ]

BibComment


ยังไม่เคยถูกคอมเมนท์

คอมเมนท์ทรัพยากรรายการนี้
  คอมเมนท์: คู่มือเที่ยวลาว 3..


 Copyright 2026. Bcnsprnw @Library